Fragmentation and redemption : essays on gender and the human body in medieval religion
Αποθηκεύτηκε σε:
| Κύριος συγγραφέας: | |
|---|---|
| Μορφή: | Βιβλίο |
| Γλώσσα: | English |
| Δημοσίευση: |
New York :
Zone Books,
1992
|
| Θέματα: | |
| Ετικέτες: |
Προσθήκη ετικέτας
Δεν υπάρχουν, Καταχωρήστε ετικέτα πρώτοι!
|
MARC
| LEADER | 00000nam a2200000 i 4500 | ||
|---|---|---|---|
| 001 | 1/3541 | ||
| 008 | 960327s1992 eng d | ||
| 020 | |a 0-942299-62-0 | ||
| 035 | |l 10015254 | ||
| 040 | |a GR-MY-UA |b gre |e aacr | ||
| 041 | 0 | |a eng | |
| 082 | 0 | |a 233.5 | |
| 100 | 1 | |a Bynum, Caroline Walker. | |
| 245 | 1 | 0 | |a Fragmentation and redemption : |b essays on gender and the human body in medieval religion / |c Caroline Walker Bynum |
| 260 | |a New York : |b Zone Books, |c 1992 | ||
| 300 | |a 426 p. |b fig. | ||
| 504 | |a Includes bibliographical references and index | ||
| 650 | 0 | 0 | |a Human body |x Religious aspects |x Christianity |x History of doctrines |y Middle Ages, 600-1500. |
| 650 | 0 | 0 | |a Sex role |x Religious aspects |x Christianity |x History of doctrines |y Middle Ages, 600-1500. |
| 650 | 0 | 0 | |a Women |x Religious aspects |x Christianity |x History of doctrines |y Middle Ages, 600-1500. |
| 650 | 0 | 0 | |a Women in Christianity |x History. |
| 852 | |a INST |b LESVOS |e 19960327 |h 233.5 BYN |p 005100006713 |q 005100006713 |t BK |y 0 | ||
| 909 | |a Λ |b 043890 | ||